[Event "DVM U12 2019"]
[Site "Magdeburg GER"]
[Date "2019.12.30"]
[Round "7"]
[White "Krüger, Arthur"]
[Black "Held, Momme Fredrik"]
[Result "1-0"]
[Termination "normal"]
[Board "1.2"]
[WhiteElo "1693"]
[BlackElo "1573"]
[WhiteClock "00:13:08"]
[BlackClock "00:59:05"]
[WhiteTeam "Hamburger SK"]
[BlackTeam "SC Kreuzberg e.V."]
[PlyCount "97"]
[WhiteFideId "16244966"]
[BlackFideId "16237692"]
[EventCountry "GER"]
[EventRounds "7"]
[EventType "team-swiss"]
[EventDate "2019.12.26"]

1. e4 {[%clk 1:30:43]} e5 {[%clk 1:30:53]} 2. Nf3 {[%clk 1:31:10]} Nc6 {[%clk
1:31:12]} 3. Bc4 {[%clk 1:31:36]} Nf6 {[%clk 1:31:35]} 4. d3 {[%clk 1:31:57]}
Be7 {[%clk 1:31:32]} 5. O-O {[%clk 1:32:12]} O-O {[%clk 1:31:55]} 6. Re1 {[%clk
1:32:30]} d6 {[%clk 1:32:03]} 7. a4 {[%clk 1:32:54]} a5 {[%clk 1:31:51]} 8.
Nbd2 {[%clk 1:28:07]} Bg4 {[%clk 1:30:30]} 9. h3 {[%clk 1:25:20]} Bh5 {[%clk
1:27:41]} 10. c3 {[%clk 1:23:36]} Qd7 {[%clk 1:21:53]} 11. Nf1 {[%clk 1:20:07]}
Bg6 {[%clk 1:21:38]} 12. Ng3 {[%clk 1:13:55]} Ne8 {[%clk 1:15:38]} 13. Qb3
{[%clk 1:05:14]} Kh8 {[%clk 1:12:23]} 14. Bg5 {[%clk 0:59:10]} f6 {[%clk
1:00:40]} 15. Be6 {[%clk 0:57:47]} Bf7 {[%clk 0:54:10]} 16. Bxf7 {[%clk
0:55:08]} fxg5 {[%clk 0:54:21]} 17. Be6 {[%clk 0:55:02]} Qd8 {[%clk 0:52:25]}
18. Qxb7 {[%clk 0:49:00]} Na7 {[%clk 0:52:03]} 19. Nf5 {[%clk 0:43:42]} Bf6
{[%clk 0:51:19]} 20. Bd5 {[%clk 0:38:45]} c6 {[%clk 0:50:09]} 21. Bxc6 {[%clk
0:38:26]} Nxc6 {[%clk 0:50:25]} 22. Qxc6 {[%clk 0:38:49]} Rc8 {[%clk 0:50:29]}
23. Qd5 {[%clk 0:35:52]} Rb8 {[%clk 0:50:14]} 24. Qa2 {[%clk 0:34:32]} Nc7
{[%clk 0:50:09]} 25. Ne3 {[%clk 0:33:29]} Na6 {[%clk 0:48:50]} 26. Nd5 {[%clk
0:27:18]} Nc5 {[%clk 0:47:56]} 27. Red1 {[%clk 0:27:09]} Qe8 {[%clk 0:45:28]}
28. b4 {[%clk 0:26:04]} axb4 {[%clk 0:43:36]} 29. cxb4 {[%clk 0:26:17]} Ne6
{[%clk 0:43:32]} 30. Rab1 {[%clk 0:23:56]} Qh5 {[%clk 0:43:25]} 31. Nh2 {[%clk
0:20:34]} Nd4 {[%clk 0:38:22]} 32. a5 {[%clk 0:19:00]} Bd8 {[%clk 0:37:44]} 33.
Re1 {[%clk 0:14:47]} g4 {[%clk 0:36:54]} 34. hxg4 {[%clk 0:12:07]} Qe8 {[%clk
0:33:41]} 35. Ne3 {[%clk 0:09:21]} g6 {[%clk 0:31:35]} 36. Nc2 {[%clk 0:08:24]}
Nb5 {[%clk 0:31:50]} 37. Rb3 {[%clk 0:06:19]} Qf7 {[%clk 0:31:44]} 38. Nf3
{[%clk 0:03:57]} Bh4 {[%clk 0:31:30]} 39. Rb2 {[%clk 0:02:19]} Qf6 {[%clk
0:31:55]} 40. Na3 {[%clk 0:01:23]} Nd4 {[%clk 0:30:21]} 41. Nxd4 {[%clk
0:01:20]} exd4 {[%clk 0:30:35]} 42. Rf1 {[%clk 0:27:53]} Qf4 {[%clk 0:59:03]}
43. a6 {[%clk 0:22:51]} Bf6 {[%clk 0:59:11]} 44. Nc4 {[%clk 0:21:54]} d5 {[%clk
0:58:56]} 45. exd5 {[%clk 0:21:41]} Bd8 {[%clk 0:59:10]} 46. d6 {[%clk
0:20:44]} Qxg4 {[%clk 0:59:31]} 47. Ne5 {[%clk 0:18:17]} Qh4 {[%clk 0:58:56]}
48. Nd7 {[%clk 0:14:22]} Rf3 {[%clk 0:59:05]} 49. Qe6 {[%clk 0:13:08]} 1-0

[Event "DVM U12 2019"]
[Site "Magdeburg GER"]
[Date "2019.12.30"]
[Round "7"]
[White "Gold, Jan Christian"]
[Black "Freude, Max"]
[Result "0-1"]
[Termination "normal"]
[Board "2.1"]
[WhiteElo "1527"]
[BlackElo "1809"]
[WhiteClock "00:32:54"]
[BlackClock "00:37:50"]
[WhiteTeam "SK Bad Homburg 1927"]
[BlackTeam "SV Empor Berlin e.V."]
[PlyCount "56"]
[WhiteFideId "16298128"]
[BlackFideId "16236157"]
[EventCountry "GER"]
[EventRounds "7"]
[EventType "team-swiss"]
[EventDate "2019.12.26"]

1. e4 {[%clk 1:30:58]} e5 {[%clk 1:30:56]} 2. Bc4 {[%clk 1:31:25]} Nf6 {[%clk
1:31:22]} 3. d4 {[%clk 1:31:52]} exd4 {[%clk 1:31:47]} 4. Nf3 {[%clk 1:32:19]}
Nc6 {[%clk 1:32:06]} 5. O-O {[%clk 1:32:13]} Nxe4 {[%clk 1:31:39]} 6. Re1
{[%clk 1:32:27]} d5 {[%clk 1:32:06]} 7. Bxd5 {[%clk 1:32:52]} Qxd5 {[%clk
1:32:32]} 8. Nc3 {[%clk 1:33:17]} Qa5 {[%clk 1:32:51]} 9. Rxe4+ {[%clk
1:33:17]} Be6 {[%clk 1:30:20]} 10. Nxd4 {[%clk 1:29:16]} O-O-O {[%clk 1:27:47]}
11. Nce2 {[%clk 1:27:15]} Qd5 {[%clk 1:14:09]} 12. Nc3 {[%clk 1:27:32]} Qc4
{[%clk 1:09:38]} 13. Nce2 f5 {[%clk 0:54:30]} 14. b3 {[%clk 1:07:56]} Qd5
{[%clk 0:53:17]} 15. Nc3 {[%clk 1:07:43]} Qd7 {[%clk 0:53:27]} 16. Rxe6 Nxd4
{[%clk 0:53:25]} 17. Re1 {[%clk 1:05:13]} Bb4 {[%clk 0:48:28]} 18. Bb2 {[%clk
1:03:25]} Rhe8 {[%clk 0:45:41]} 19. Rxe8 {[%clk 0:57:35]} Rxe8 20. Kf1 {[%clk
0:53:58]} Qd6 {[%clk 0:41:19]} 21. Qh5 {[%clk 0:32:37]} g6 {[%clk 0:40:39]} 22.
Qxh7 {[%clk 0:31:42]} Bxc3 23. Bxc3 {[%clk 0:31:41]} Qa6+ {[%clk 0:37:44]} 24.
Kg1 {[%clk 0:32:02]} Ne2+ 25. Kh1 {[%clk 0:32:21]} Nxc3 {[%clk 0:38:20]} 26.
Qf7 {[%clk 0:32:16]} Qe6 {[%clk 0:37:01]} 27. Qxe6+ {[%clk 0:32:29]} Rxe6
{[%clk 0:37:26]} 28. Re1 {[%clk 0:32:54]} Rxe1# {[%clk 0:37:50]} 0-1

[Event "DVM U12 2019"]
[Site "Magdeburg GER"]
[Date "2019.12.30"]
[Round "7"]
[White "Monninkhoff, Yari"]
[Black "Negru, Maximilian"]
[Result "1-0"]
[Termination "normal"]
[Board "2.2"]
[WhiteElo "1272"]
[BlackElo "1267"]
[WhiteClock "00:56:18"]
[BlackClock "00:27:18"]
[WhiteTeam "SV Empor Berlin e.V."]
[BlackTeam "SK Bad Homburg 1927"]
[PlyCount "48"]
[WhiteFideId "16236149"]
[BlackFideId "16298136"]
[EventCountry "GER"]
[EventRounds "7"]
[EventType "team-swiss"]
[EventDate "2019.12.26"]

1. e4 {[%clk 1:30:55]} e5 {[%clk 1:30:56]} 2. Nf3 {[%clk 1:31:11]} Nc6 {[%clk
1:31:20]} 3. Bc4 {[%clk 1:31:31]} Bc5 {[%clk 1:31:45]} 4. c3 {[%clk 1:31:50]}
Nf6 {[%clk 1:32:11]} 5. d3 {[%clk 1:32:10]} d5 {[%clk 1:31:48]} 6. exd5 {[%clk
1:31:41]} Nxd5 {[%clk 1:32:00]} 7. O-O {[%clk 1:31:38]} O-O {[%clk 1:32:15]} 8.
Bb3 {[%clk 1:31:24]} Re8 {[%clk 1:31:08]} 9. Re1 {[%clk 1:31:17]} Bg4 {[%clk
1:30:13]} 10. Bc2 {[%clk 1:29:59]} Nf6 {[%clk 1:29:24]} 11. Bg5 {[%clk
1:29:47]} Qd6 {[%clk 1:28:03]} 12. Nbd2 {[%clk 1:28:51]} Bb6 {[%clk 1:11:08]}
13. Nc4 {[%clk 1:15:44]} Qe6 {[%clk 1:01:14]} 14. Nxb6 {[%clk 1:14:22]} axb6
{[%clk 1:00:46]} 15. Qe2 {[%clk 1:13:23]} Nd5 {[%clk 0:54:57]} 16. d4 {[%clk
1:11:26]} f6 {[%clk 0:52:06]} 17. Bd2 {[%clk 1:10:24]} Rad8 {[%clk 0:40:19]}
18. Qd3 {[%clk 1:08:51]} g6 {[%clk 0:37:46]} 19. Nh4 {[%clk 1:06:41]} f5 {[%clk
0:35:46]} 20. dxe5 {[%clk 1:03:21]} Nxe5 {[%clk 0:29:26]} 21. Qg3 {[%clk
1:02:19]} Qf6 {[%clk 0:28:08]} 22. h3 {[%clk 0:56:51]} Bh5 {[%clk 0:27:18]} 23.
Bg5 {[%clk 0:56:18]} Qd6 24. Bxd8 Qxd8 1-0

[Event "DVM U12 2019"]
[Site "Magdeburg GER"]
[Date "2019.12.30"]
[Round "7"]
[White "Tomasjan, Samuel"]
[Black "Rumpold, Jaron"]
[Result "1-0"]
[Termination "normal"]
[Board "3.2"]
[WhiteElo "1662"]
[BlackElo "1123"]
[WhiteClock "00:02:05"]
[BlackClock "00:01:05"]
[WhiteTeam "Schachfreunde Brackel 1930 e. V."]
[BlackTeam "SV Roter Turm Halle"]
[PlyCount "122"]
[WhiteFideId "16235584"]
[BlackFideId "16265793"]
[EventCountry "GER"]
[EventRounds "7"]
[EventType "team-swiss"]
[EventDate "2019.12.26"]

1. e4 {[%clk 1:31:00]} c5 {[%clk 1:30:54]} 2. Nf3 {[%clk 1:31:24]} d6 {[%clk
1:31:19]} 3. d4 {[%clk 1:30:31]} cxd4 {[%clk 1:31:42]} 4. Nxd4 {[%clk 1:30:53]}
Nf6 {[%clk 1:32:06]} 5. Nc3 Nc6 {[%clk 1:32:08]} 6. Nxc6 {[%clk 1:30:39]} bxc6
{[%clk 1:32:11]} 7. Bc4 {[%clk 1:30:34]} e5 {[%clk 1:31:21]} 8. O-O {[%clk
1:30:21]} Be7 {[%clk 1:31:11]} 9. Bg5 {[%clk 1:22:50]} O-O {[%clk 1:30:08]} 10.
Qd2 {[%clk 1:16:10]} Be6 {[%clk 1:28:41]} 11. Bb3 {[%clk 1:14:00]} h6 {[%clk
1:26:19]} 12. Bh4 {[%clk 1:12:12]} Nh5 {[%clk 1:16:54]} 13. Bxe7 {[%clk
1:09:09]} Qxe7 {[%clk 1:17:05]} 14. Rad1 {[%clk 1:06:40]} Rfd8 {[%clk 1:15:45]}
15. Ba4 {[%clk 1:02:14]} Rac8 {[%clk 1:13:44]} 16. Qe2 {[%clk 0:59:18]} Nf4
{[%clk 1:04:55]} 17. Qa6 {[%clk 0:59:18]} Qc7 {[%clk 1:04:55]} 18. Ne2 {[%clk
0:56:31]} Nxe2+ {[%clk 0:59:03]} 19. Qxe2 {[%clk 0:56:26]} d5 {[%clk 0:56:00]}
20. h3 {[%clk 0:49:57]} d4 {[%clk 0:48:52]} 21. Bb3 {[%clk 0:46:29]} Bxb3
{[%clk 0:48:52]} 22. axb3 {[%clk 0:46:42]} c5 {[%clk 0:46:17]} 23. Qc4 {[%clk
0:45:44]} a5 {[%clk 0:41:07]} 24. Ra1 {[%clk 0:44:09]} Ra8 {[%clk 0:35:31]} 25.
Ra4 {[%clk 0:43:04]} Rdb8 {[%clk 0:30:40]} 26. Rfa1 {[%clk 0:41:15]} Ra7 {[%clk
0:23:24]} 27. Qd3 {[%clk 0:25:49]} Rb4 {[%clk 0:19:51]} 28. R1a2 {[%clk
0:23:40]} Qb6 {[%clk 0:17:12]} 29. Qd2 {[%clk 0:10:25]} Rxa4 {[%clk 0:13:53]}
30. Rxa4 {[%clk 0:10:44]} Qb5 {[%clk 0:12:34]} 31. f3 {[%clk 0:09:44]} Qb6
{[%clk 0:11:30]} 32. Qd3 {[%clk 0:09:17]} Qa6 {[%clk 0:10:16]} 33. Qxa6 {[%clk
0:04:52]} Rxa6 {[%clk 0:10:36]} 34. Kf1 {[%clk 0:02:24]} Kf8 {[%clk 0:09:13]}
35. g4 {[%clk 0:02:07]} g5 {[%clk 0:08:27]} 36. Ke1 {[%clk 0:02:09]} Ke7 {[%clk
0:07:39]} 37. c3 {[%clk 0:01:57]} Kd6 {[%clk 0:05:27]} 38. Kd2 {[%clk 0:01:16]}
Kc6 {[%clk 0:03:40]} 39. Kd3 {[%clk 0:00:57]} Kb5 {[%clk 0:01:16]} 40. c4+
{[%clk 0:00:40]} Kc6 {[%clk 0:00:45]} 41. h4 {[%clk 0:28:59]} f6 {[%clk
0:27:07]} 42. Ra1 {[%clk 0:29:02]} Kd7 {[%clk 0:23:50]} 43. b4 {[%clk 0:20:44]}
cxb4 {[%clk 0:21:51]} 44. c5 {[%clk 0:20:58]} Kc7 {[%clk 0:16:02]} 45. Kc4
{[%clk 0:20:52]} Kc6 {[%clk 0:13:48]} 46. Rh1 {[%clk 0:19:38]} Kc7 {[%clk
0:11:42]} 47. Kb5 {[%clk 0:19:09]} Kb7 {[%clk 0:10:02]} 48. Rc1 {[%clk
0:17:11]} Rc6 {[%clk 0:09:11]} 49. Kxa5 {[%clk 0:14:41]} Ra6+ {[%clk 0:06:32]}
50. Kxb4 {[%clk 0:13:55]} Kc6 {[%clk 0:05:55]} 51. Kc4 {[%clk 0:09:09]} Ra4+
{[%clk 0:04:53]} 52. b4 {[%clk 0:06:55]} Ra3 {[%clk 0:04:10]} 53. b5+ {[%clk
0:05:30]} Kc7 {[%clk 0:03:21]} 54. hxg5 {[%clk 0:05:00]} hxg5 {[%clk 0:03:33]}
55. Rh1 {[%clk 0:02:56]} Rc3+ {[%clk 0:00:41]} 56. Kd5 {[%clk 0:01:46]} d3
{[%clk 0:00:50]} 57. Rh7+ {[%clk 0:01:35]} Kd8 {[%clk 0:00:47]} 58. Kc6 {[%clk
0:01:02]} d2 {[%clk 0:00:46]} 59. Rd7+ {[%clk 0:01:24]} Ke8 {[%clk 0:00:48]}
60. Rxd2 {[%clk 0:01:47]} Ra3 {[%clk 0:01:05]} 61. b6 {[%clk 0:02:05]} Rb3 1-0

[Event "DVM U12 2019"]
[Site "Magdeburg GER"]
[Date "2019.12.30"]
[Round "7"]
[White "Adelmeyer, Nelly"]
[Black "Römer, Uri"]
[Result "1-0"]
[Termination "normal"]
[Board "3.3"]
[WhiteElo "1453"]
[BlackElo "1311"]
[WhiteClock "00:32:51"]
[BlackClock "00:19:47"]
[WhiteTeam "SV Roter Turm Halle"]
[BlackTeam "Schachfreunde Brackel 1930 e. V."]
[PlyCount "95"]
[WhiteFideId "16203577"]
[BlackFideId "16275039"]
[EventCountry "GER"]
[EventRounds "7"]
[EventType "team-swiss"]
[EventDate "2019.12.26"]

1. d4 {[%clk 1:30:59]} d5 {[%clk 1:30:54]} 2. Nf3 {[%clk 1:31:25]} Nf6 {[%clk
1:31:05]} 3. e3 {[%clk 1:31:48]} Bf5 {[%clk 1:30:43]} 4. Nbd2 {[%clk 1:31:57]}
e6 {[%clk 1:30:51]} 5. Be2 {[%clk 1:32:19]} Nbd7 {[%clk 1:29:47]} 6. b3 {[%clk
1:32:35]} c5 {[%clk 1:28:16]} 7. Bb2 {[%clk 1:32:49]} cxd4 {[%clk 1:27:03]} 8.
Nxd4 {[%clk 1:33:07]} Bg6 9. O-O {[%clk 1:33:05]} Bc5 {[%clk 1:22:55]} 10. c4
{[%clk 1:30:42]} O-O {[%clk 1:22:36]} 11. Rc1 {[%clk 1:30:18]} Rc8 {[%clk
1:22:24]} 12. N2f3 {[%clk 1:29:25]} Ne4 {[%clk 1:17:27]} 13. cxd5 {[%clk
1:26:59]} exd5 {[%clk 1:16:37]} 14. Nc2 {[%clk 1:26:15]} Nb6 {[%clk 1:11:20]}
15. Bd3 {[%clk 1:17:16]} Re8 {[%clk 1:08:56]} 16. Ne5 {[%clk 1:10:25]} Qd6
{[%clk 1:04:29]} 17. Nxg6 {[%clk 1:10:01]} hxg6 {[%clk 1:02:22]} 18. a3 {[%clk
1:08:06]} Qe6 {[%clk 0:58:02]} 19. b4 {[%clk 1:07:01]} Bd6 {[%clk 0:56:04]} 20.
Nd4 {[%clk 1:06:30]} Qd7 {[%clk 0:53:12]} 21. Bb5 {[%clk 1:06:27]} Bxh2+ {[%clk
0:47:28]} 22. Kxh2 {[%clk 1:04:12]} Qd6+ {[%clk 0:47:29]} 23. f4 {[%clk
0:52:03]} Rxc1 {[%clk 0:45:31]} 24. Qxc1 {[%clk 0:51:37]} Rc8 {[%clk 0:45:35]}
25. Qe1 {[%clk 0:50:46]} Nc4 {[%clk 0:41:58]} 26. Bxc4 {[%clk 0:41:25]} dxc4
{[%clk 0:40:43]} 27. Bc3 {[%clk 0:40:44]} g5 {[%clk 0:39:25]} 28. Nf5 {[%clk
0:38:43]} Qe6 {[%clk 0:38:03]} 29. fxg5 {[%clk 0:34:15]} Nxg5 {[%clk 0:32:14]}
30. Bxg7 {[%clk 0:33:11]} f6 {[%clk 0:29:00]} 31. Qh4 {[%clk 0:29:23]} c3
{[%clk 0:22:52]} 32. Bxf6 {[%clk 0:28:45]} Qxf6 {[%clk 0:21:14]} 33. Nh6+
{[%clk 0:29:03]} Kg7 {[%clk 0:21:14]} 34. Rxf6 {[%clk 0:29:14]} Kxf6 {[%clk
0:20:54]} 35. Qf4+ {[%clk 0:29:25]} Kg7 {[%clk 0:20:05]} 36. Qxg5+ {[%clk
0:29:48]} Kh8 {[%clk 0:19:05]} 37. Qf6+ {[%clk 0:29:55]} Kh7 {[%clk 0:19:05]}
38. Qf5+ {[%clk 0:30:15]} Kxh6 {[%clk 0:18:59]} 39. Qxc8 {[%clk 0:30:42]} c2
{[%clk 0:18:50]} 40. Qxc2 {[%clk 0:31:03]} b6 {[%clk 0:19:01]} 41. Qf5 {[%clk
0:31:17]} a5 {[%clk 0:19:09]} 42. g4 {[%clk 0:31:37]} axb4 {[%clk 0:19:21]} 43.
axb4 {[%clk 0:32:01]} b5 {[%clk 0:19:44]} 44. g5+ {[%clk 0:32:18]} Kh5 {[%clk
0:19:45]} 45. g6+ {[%clk 0:32:09]} Kh4 {[%clk 0:19:36]} 46. Kg1 {[%clk
0:32:26]} Kg3 {[%clk 0:19:36]} 47. g7 {[%clk 0:32:32]} Kh4 {[%clk 0:19:47]} 48.
Kh1 {[%clk 0:32:51]} 1-0

[Event "DVM U12 2019"]
[Site "Magdeburg GER"]
[Date "2019.12.30"]
[Round "7"]
[White "Kempe, Caius Emilian"]
[Black "von Mettenheim, Johannes"]
[Result "1-0"]
[Termination "normal"]
[Board "4.1"]
[WhiteElo "1832"]
[BlackElo "1971"]
[WhiteTeam "USV TU Dresden"]
[BlackTeam "Schachzentrum Bemerode"]
[PlyCount "133"]
[WhiteFideId "16246861"]
[BlackFideId "16244818"]
[EventCountry "GER"]
[EventRounds "7"]
[EventType "team-swiss"]
[EventDate "2019.12.26"]

1. b3 d5 2. Bb2 Bg4 3. h3 Bh5 4. Nf3 Nd7 5. e3 Ngf6 6. g4 Bg6 7. Bg2 e6 8. d3
h6 9. Nbd2 Bd6 10. Qe2 Qe7 11. O-O-O Ba3 12. Nh4 Bh7 13. f4 a5 14. Nb1 Bxb2+
15. Kxb2 a4 16. Nf3 c5 17. Nfd2 b5 18. g5 hxg5 19. fxg5 Ng8 20. h4 c4 21. dxc4
bxc4 22. Nxc4 Rc8 23. Nca3 Qd6 24. Qd2 Ne7 25. e4 axb3 26. axb3 Nc5 27. exd5
Be4 28. Bxe4 Nxe4 29. Qd4 Ng3 30. Rhe1 exd5 31. Qxd5 Qc7 32. Qb5+ Qc6 33. Qe5
Qc7 34. Qxg7 Rf8 35. Qe5 Qxe5+ 36. Rxe5 f6 37. gxf6 Rxf6 38. Rde1 Ngf5 39. Nc3
Kf7 40. Nd5 Nxd5 41. Rxd5 Nxh4 42. Nc4 Nf3 43. Re3 Rc7 44. Rdd3 Nh4 45. Ne5+
Kg8 46. Rd8+ Rf8 47. Rg3+ Rg7 48. Rxf8+ Kxf8 49. Rxg7 Kxg7 50. b4 Kf6 51. Nc6
Ke6 52. c4 Kd6 53. Nd4 Ng6 54. Kb3 Ne5 55. Kc3 Nd7 56. b5 Ne5 57. Nb3 Kc7 58.
c5 Nd7 59. Kb4 Ne5 60. b6+ Kb7 61. Kb5 Nf7 62. Na5+ Kb8 63. Ka6 Ne5 64. c6 Nd3
65. c7+ Kc8 66. b7+ Kxc7 67. Ka7 1-0

[Event "DVM U12 2019"]
[Site "Magdeburg GER"]
[Date "2019.12.30"]
[Round "7"]
[White "Rehbein, Vitus"]
[Black "Espig, Nils"]
[Result "1-0"]
[Termination "normal"]
[Board "4.2"]
[WhiteElo "1547"]
[BlackElo "1596"]
[WhiteTeam "Schachzentrum Bemerode"]
[BlackTeam "USV TU Dresden"]
[PlyCount "43"]
[WhiteFideId "16273427"]
[BlackFideId "16236980"]
[EventCountry "GER"]
[EventRounds "7"]
[EventType "team-swiss"]
[EventDate "2019.12.26"]

1. e4 c5 2. Nf3 Nc6 3. d4 cxd4 4. Nxd4 g6 5. Nc3 Bg7 6. Be3 Nf6 7. f3 O-O 8.
Qd2 Re8 9. Bc4 a6 10. O-O-O d6 11. g4 Na5 12. Bb3 Nxb3+ 13. Nxb3 Be6 14. Bh6
Bh8 15. h4 b5 16. h5 b4 17. Nd5 Bxd5 18. exd5 a5 19. hxg6 fxg6 20. Qh2 Qc7 21.
Qe2 Rec8 22. Qe6# 1-0

[Event "DVM U12 2019"]
[Site "Magdeburg GER"]
[Date "2019.12.30"]
[Round "7"]
[White "Richter, Nicholas"]
[Black "Strübel, Tobias"]
[Result "1-0"]
[Termination "normal"]
[Board "4.3"]
[WhiteElo "1448"]
[BlackElo "1379"]
[WhiteTeam "USV TU Dresden"]
[BlackTeam "Schachzentrum Bemerode"]
[PlyCount "65"]
[WhiteFideId "16244834"]
[BlackFideId "16284860"]
[EventCountry "GER"]
[EventRounds "7"]
[EventType "team-swiss"]
[EventDate "2019.12.26"]

1. d4 d5 2. c4 e5 3. dxe5 d4 4. Nf3 Nc6 5. g3 Be6 6. Nbd2 Qd7 7. a3 O-O-O 8.
Bg2 Be7 9. Qc2 Bf5 10. Qd1 d3 11. Bf1 f6 12. exf6 Bxf6 13. e3 Nd4 14. Nxd4 Bxd4
15. Bg2 Bb6 16. b4 c6 17. Bb2 Re8 18. O-O Bg4 19. Qb3 Nf6 20. Rac1 Be2 21. Rfe1
c5 22. Bc3 Rhf8 23. bxc5 Bxc5 24. Rb1 b6 25. Bxf6 Rxf6 26. Ne4 Rxe4 27. Bxe4
Qf7 28. Bxd3 Bf3 29. Bf1 Rh6 30. Bg2 Bd6 31. c5 Bxg2 32. Qxf7 Bb7 33. cxd6 1-0

[Event "DVM U12 2019"]
[Site "Magdeburg GER"]
[Date "2019.12.30"]
[Round "7"]
[White "Bangiev, Anton"]
[Black "Fruth, David"]
[Result "0-1"]
[Termination "normal"]
[Board "4.4"]
[WhiteElo "1431"]
[BlackElo "1473"]
[WhiteTeam "Schachzentrum Bemerode"]
[BlackTeam "USV TU Dresden"]
[PlyCount "118"]
[WhiteFideId "16267222"]
[BlackFideId "16257596"]
[EventCountry "GER"]
[EventRounds "7"]
[EventType "team-swiss"]
[EventDate "2019.12.26"]

1. e4 e5 2. Nf3 Nf6 3. Nc3 Bb4 4. d3 d5 5. exd5 Nxd5 6. Bd2 Bxc3 7. Bxc3 Nxc3
8. bxc3 O-O 9. Be2 Nc6 10. h3 Qf6 11. Nd2 Bf5 12. Bf3 Bg6 13. Rb1 e4 14. Bxe4
Qxc3 15. O-O b6 16. Rb3 Qc5 17. Bf3 Rad8 18. Rb1 Nd4 19. Rc1 Qa5 20. Ra1 Qc3
21. Rc1 Qa3 22. Nb3 Qxa2 23. Nxd4 Rxd4 24. Ra1 Qb2 25. Rxa7 Qc3 26. Re1 Rb4 27.
Qe2 h6 28. Rc1 Rb2 29. Kf1 Rd8 30. Qe1 Qc5 31. Qd1 Rxd3 32. Qe2 Rd8 33. Be4 Re8
34. Bxg6 Rxe2 35. Ra8+ Qf8 36. Rxf8+ Kxf8 37. Kxe2 fxg6 38. Kd3 Ke7 39. f4 Rb5
40. Re1+ Kf6 41. g4 Rd5+ 42. Kc3 g5 43. f5 Re5 44. Rh1 g6 45. fxg6 Kxg6 46. Kb3
h5 47. c4 hxg4 48. hxg4 Re3+ 49. Kb4 Rg3 50. Kb5 Rxg4 51. Rc1 Rf4 52. Kc6 Rf7
53. c5 bxc5 54. Kxc5 g4 55. Rg1 Kg5 56. Kd4 Kh4 57. Ke4 Kh3 58. Ke3 g3 59. Rc1
g2 0-1

[Event "DVM U12 2019"]
[Site "Magdeburg GER"]
[Date "2019.12.30"]
[Round "7"]
[White "Englert, Luca"]
[Black "Kiefhaber, Tobias"]
[Result "1-0"]
[Termination "normal"]
[Board "5.2"]
[WhiteElo "1632"]
[BlackElo "1483"]
[WhiteTeam "BSG Grün-Weiß Leipzig e. V."]
[BlackTeam "Karlsruher SF 1853"]
[PlyCount "117"]
[WhiteFideId "16293088"]
[BlackFideId "16240693"]
[EventCountry "GER"]
[EventRounds "7"]
[EventType "team-swiss"]
[EventDate "2019.12.26"]

1. e4 c6 2. d4 d5 3. exd5 cxd5 4. Bd3 Nc6 5. c3 Nf6 6. Bf4 Bg4 7. Nf3 e6 8.
Nbd2 Bd6 9. Bxd6 Qxd6 10. Qb3 Qc7 11. O-O h5 12. h3 Bxf3 13. Nxf3 Rg8 14. Ng5
O-O-O 15. a4 Rdf8 16. f4 h4 17. Rae1 Nh5 18. f5 Nf4 19. Qd1 Nxg2 20. Kxg2 Qg3+
21. Kh1 Qxg5 22. fxe6 fxe6 23. Rxe6 Qg3 24. Qg4 Qxg4 25. hxg4 Rf6 26. Rfxf6
gxf6 27. Rxf6 Ne7 28. Be2 Rg6 29. Rxg6 Nxg6 30. Bd3 Nf4 31. Bf5+ Kd8 32. g5 Ke7
33. Kg1 Ne6 34. g6 Kf6 35. Bc2 Nf4 36. Kh2 a6 37. a5 Nxg6 38. Kh3 Kg5 39. Bxg6
Kxg6 40. Kxh4 Kf5 41. Kh5 Kf6 42. Kg4 Kg6 43. Kf4 Kf6 44. b3 Ke6 45. Kg5 Ke7
46. Kf5 Kd6 47. Kf6 Kd7 48. Ke5 Kc6 49. b4 Kc7 50. Kxd5 Kd7 51. c4 Kc7 52. b5
Kd7 53. bxa6 bxa6 54. c5 Kc7 55. Kc4 Kc6 56. d5+ Kd7 57. c6+ Kc7 58. Kc5 Kb8
59. Kd6 1-0

[Event "DVM U12 2019"]
[Site "Magdeburg GER"]
[Date "2019.12.30"]
[Round "7"]
[White "Liu, Leon"]
[Black "Vecera, Fabio"]
[Result "1-0"]
[Termination "normal"]
[Board "5.3"]
[WhiteElo "1344"]
[BlackElo "1529"]
[WhiteTeam "Karlsruher SF 1853"]
[BlackTeam "BSG Grün-Weiß Leipzig e. V."]
[PlyCount "99"]
[WhiteFideId "16275047"]
[BlackFideId "16281705"]
[EventCountry "GER"]
[EventRounds "7"]
[EventType "team-swiss"]
[EventDate "2019.12.26"]

1. e4 e5 2. Nf3 Nc6 3. Bc4 Bc5 4. c3 Nf6 5. d3 O-O 6. Bg5 d6 7. h3 Bb6 8. a4
Na5 9. Ba2 c5 10. O-O h6 11. Bh4 Bd7 12. Nbd2 Qe7 13. Nc4 Bd8 14. Ne3 Qe8 15.
Bxf6 Bxf6 16. Nd5 Bd8 17. d4 cxd4 18. cxd4 Bxa4 19. Qd2 exd4 20. Qxd4 Bb5 21.
Rfe1 Nc6 22. Qd1 Ba5 23. Re3 Ne5 24. Bb1 Nc4 25. Rxa5 Nxa5 26. Nc7 Qd7 27. Nxa8
Rxa8 28. Qd5 Re8 29. Bd3 a6 30. b4 Bxd3 31. Rxd3 Nc6 32. e5 Nxe5 33. Nxe5 Rxe5
34. Qxe5 Qa4 35. Qxd6 b5 36. Qd8+ Kh7 37. Qa5 Qc2 38. Rf3 Qd1+ 39. Kh2 Qd6+ 40.
g3 Qc6 41. Kg2 g5 42. Qa3 f5 43. Kh2 g4 44. hxg4 fxg4 45. Qd3+ Kg8 46. Qd8+ Kg7
47. Qf8+ Kg6 48. Qf5+ Kg7 49. Qxg4+ Kh7 50. Rf7+ 1-0

[Event "DVM U12 2019"]
[Site "Magdeburg GER"]
[Date "2019.12.30"]
[Round "7"]
[White "Widmann, Maximilian"]
[Black "Kossert, Simon"]
[Result "1-0"]
[Termination "normal"]
[Board "5.4"]
[WhiteElo "1592"]
[BlackElo "1343"]
[WhiteTeam "BSG Grün-Weiß Leipzig e. V."]
[BlackTeam "Karlsruher SF 1853"]
[PlyCount "86"]
[WhiteFideId "16281691"]
[BlackFideId "16283287"]
[EventCountry "GER"]
[EventRounds "7"]
[EventType "team-swiss"]
[EventDate "2019.12.26"]

1. Nf3 Nf6 2. g3 d5 3. Bg2 e6 4. O-O Nc6 5. d3 g6 6. c4 dxc4 7. dxc4 Qxd1 8.
Rxd1 Bg7 9. Nc3 a6 10. Bf4 O-O 11. Bxc7 Re8 12. Bf4 e5 13. Be3 Ng4 14. Bb6 e4
15. Nd4 Nxd4 16. Bxd4 Bxd4 17. Rxd4 f5 18. h3 Ne5 19. f4 Nc6 20. Rd2 Be6 21. b3
Rad8 22. Rad1 Kg7 23. Rxd8 Rxd8 24. Rxd8 Nxd8 25. e3 Nc6 26. a3 Na5 27. Bf1
Nxb3 28. Nb1 Kf6 29. Kf2 g5 30. Be2 Nc1 31. Nd2 Nxe2 32. Kxe2 h5 33. h4 g4 34.
Kd1 Ke7 35. Kc2 Kd6 36. Kc3 b5 37. cxb5 axb5 38. Kb4 Kc6 39. Nb1 Bc4 40. a4 Bf1
41. Nd2 Bd3 42. a5 Kb7 43. Nb3 Bc4 1-0